000 00774nam a22002537a 4500
003 dpl
005 20180613161717.0
008 180613b xxu||||| |||| 00| 0 eng d
010 _aB-192252
020 B _c00.00
_a007058379
035 _aB-192252, B-192262
037 _bCen Lib/Ret
040 _aDPL
_bEN
_c0
082 _a660.63
_bRAO
100 _aRao, D.G.
_939503
245 _aIntroduction to biochemical engineering /
_cby D.G. Rao
260 _aNew Delhi
_bTata McGraw Hill Publishing Company
_c2006
270 _bDelhi
_a7 west patel nagar
_e110008
300 _axix, 463p.
_c25cm(pbk)
500 _aIncludes index
650 _aBiochemical engineering
_933777
650 _aFundamentals
_9107651
942 _2ddc
_cEN
_h660.63
_mRAO
999 _c134003
_d134003